000 00924nas a2200289 4500
001 BR7900434
003 BR-BrBNA
005 20231205083617.0
007 ta
008 230509b bl.|||p| |||| 00| 00por d
040 _aBR-BrBNA
_bpor
_cBiblioteca Nacional de Agricultura
041 _a(Pt)
072 _aF22
100 1 _aKinjo, T.
100 1 _aSilveira, R.I.
100 1 _aKadekaru, P.K. (Escola Superior de Agricultura Luiz de Queiroz, Piracicaba, SP (Brazil))
245 1 _aRetencao de amonio em relacao a quantidade de fosfato adsorvido em solos latossolicos
650 _aQUIMICA DO SOLO
650 _aADSORCAO
650 _aLATOSSOLO ROXO
650 _aLATOSSOLO VERMELHO ESCURO
650 _aSOLO
650 _aFOSFATO
773 0 _tRevista de Agricultura (Brazil)
_xISSN 0034-7655
_g(Jun 1978), v. 53(1-2) p. 27-33
_wBR7900434
909 _a202311
_bLúcia
_c55
_dLúcia Elande
942 _2AGRIS
_n0
_cANA
999 _c100034
_d100034